|
|
|
|
| LEADER |
00000nab a2200000 a 4500 |
| 001 |
vtls000695949 |
| 003 |
SK-MaSNL |
| 005 |
20260302180643.0 |
| 008 |
140402c1999 xo 0 slo |
| 015 |
|
|
|a SNBRB1999/06-17041
|
| 035 |
|
|
|a CLN000048116
|
| 040 |
|
|
|a SNKBUCL
|b slo
|c SNKBUCL
|e AACR2
|
| 041 |
0 |
|
|a slo
|
| 044 |
|
|
|a xo
|c SK
|
| 080 |
|
|
|a 284.1(73=854):061.3
|2 1997
|
| 100 |
1 |
|
|a Feldy, Igor
|4 aut
|9 747765
|
| 245 |
1 |
0 |
|a Jubilejné stretnutie slovenskej Synody SION
|c Igor Feldy
|
| 610 |
|
7 |
|a Evanjelická luteránska cirkev v Amerike
|b Slovenská synoda Sion
|2 snkbucl
|9 861752
|
| 655 |
|
7 |
|a články z novín a časopisov
|2 snkbucl
|9 267496
|
| 773 |
0 |
|
|t Evanjelický posol spod Tatier
|g Roč. 89, č. 30 (1999), s. 3
|
| 850 |
|
|
|a Slovenská národná knižnica v Martine
|
| 852 |
|
|
|a SNK
|b KIS3GCP
|
| 958 |
|
|
|a SK
|
| 958 |
|
|
|a US
|
| 992 |
|
|
|a RBX
|
| 999 |
|
|
|c 1411313
|d 1413243
|